| 000 | 00731nam a2200217Ia 4500 | ||
|---|---|---|---|
| 003 | GCL | ||
| 008 | 140319s9999 xx 000 0 ara d | ||
| 040 |
_aGCL / _cGCL |
||
| 082 | 0 | 4 |
_a350.755 _bا د |
| 100 | 1 | _aابراهيم على الجندى | |
| 245 | 1 | 0 |
_aالدفاع المدنى والاطفاء / _cابراهيم على الجندى |
| 260 |
_aالقاهرة : _bمكتبة الانجلوالمصرية ، _c1980 |
||
| 300 |
_a128 ص ؛ _c25 سم |
||
| 490 | _a | ||
| 650 | 0 | 4 | _aاطفاء الحرائق |
| 650 | 0 | 4 | _aالدفاع المدنى |
| 650 | 0 | 4 | _aالحرائق - مقاومة |
| 650 | 0 | 4 | _aاطفاء الحرائق - التفجير |
| 650 | 0 | 4 | _aالمواد الكيماوية |
| 942 |
_2ddc _cBK |
||
| 999 |
_c37880 _d37880 |
||